'American' Entertainment Quiz Stats

Quiz Updated Jul 4, 2016

Challenge
Share
Tweet
Score 0/22 Timer 06:00
1 Play Today
% Correct
American Idol
96.2%
American Sniper
87%
American Dad!
83.3%
American Pie
82.2%
American Beauty
76.7%
American Psycho
63.1%
American Hustle
57.9%
American History X
52.6%
American Ninja Warrior
52.1%
An American Werewolf in London
50.3%
An American Tail
47.6%
% Correct
American Graffiti
47.4%
American Horror Story: Coven
45.8%
American Gangster
41.6%
The Americans
38.5%
An American in Paris
35.3%
Wet Hot American Summer: First Day of Camp
28.1%
American Crime Story
25%
The Secret Life of the American Teenager
21.5%
American Housewife
20.1%
American Ultra
17.2%
American Crime
7.1%

You're not logged in!

Compare scores with friends on all Sporcle quizzes.
Join for Free
OR
Log In

You Might Also Like...

Show Comments

Extras

Top Quizzes Today


Score Distribution

Your Account Isn't Verified!

In order to create a playlist on Sporcle, you need to verify the email address you used during registration. Go to your Sporcle Settings to finish the process.

Report this User

Report this user for behavior that violates our Community Guidelines.

Details: